000 00794nam a22002777a 4500
001 BR7907352
003 BR-BrBNA
005 20230928090244.0
007 ta
008 230509b bl.||||| |||| 00| 0 por d
040 _aBR-BrBNA
_bpor
_cBiblioteca Nacional de Agricultura
041 _a(Por)
072 _aM10; E30
_b8100
_b/G514
090 _ 8100 BR7907352
110 1 _aSecretaria de Estado da Agricultura, Curitiba, PR (Brasil)
_98811
245 1 _aPiscicultura, estrategia de acao para 1979 [Parana, Brasil]
260 3 _aCuritiba, PR (Brasil):
_c1979.
300 _a107 p.
500 _a57 tables
650 _aPISCICULTURA
650 _aDESENVOLVIMENTO PESQUEIRO
650 _aPROJETO PESQUEIRO
650 _aPARANA
909 _a202309
_bLucia
_c55
_dLucia Elande
942 _cBK
999 _c28214
_d28214